Model-Based Predictive Control of Electric Drives /

Salvato in:
Dettagli Bibliografici
Autori principali: Linder, Arne (Autore), Kanchan, Rahul (Autore), Kennel, Ralph (Autore), Stolze, Peter (Autore)
Natura: Libro
Lingua:inglese
Pubblicazione: Göttingen : Cuvillier, 2010
Soggetti:
Tags: Aggiungi Tag
Nessun Tag, puoi essere il primo ad aggiungerne!!

MARC

LEADER 00000nam a22000003a 4500
001 stu226373
005 20150617230135.3
008 110606s2003----gw------------------eng-d
020 |a 978-3-86955-398-6 
040 |a STU  |b slo 
041 0 |a eng 
044 |a gw 
080 |a 681.513.54 
080 |a 519.71  |7 stu_us_auth*stu8254 
100 1 |a Linder, Arne  |4 aut 
245 1 |a Model-Based Predictive Control of Electric Drives /  |c Aut.: Linder, A. a i. 
260 |a Göttingen :  |b Cuvillier,  |c 2010 
300 |a 256 s 
650 7 |a prediktívne riadenie  |2 stusub 
650 7 |a Kontrola-modelovanie a simulácia  |2 stusub 
700 1 |a Kanchan, Rahul  |4 aut 
700 1 |a Kennel, Ralph  |4 aut 
700 1 |a Stolze, Peter  |4 aut 
996 |b 284EK88688  |c E*88688  |l EE23  |s P  |a 0  |w stu226373_0001